| 000 | 01092nam a22002537a 4500 | ||
|---|---|---|---|
| 005 | 20100707102911.0 | ||
| 008 | 100707t xxu||||| |||| 00| 0 hin d | ||
| 010 | _aHIN-89618 | ||
| 020 |
_a9789350001981 _c395.00 |
||
| 035 | _aHN-61964 | ||
| 037 | _bDBAD / PUB | ||
| 040 |
_aDPL _bHN |
||
| 082 | _a824 | ||
| 245 |
_aहालीः कवि एक रूप अनेक / _cएस.वाई. कुरैशी द्वारा संपादित |
||
| 246 |
_aHali: kavi ed roop anek/ _bed by S.Y. Quraishi |
||
| 260 |
_aनई दिल्ली _bवाणी प्रकाशन _c2010 |
||
| 270 |
_a4695, 21-ए, दरियागंज _bनई दिल्ली _e110002 |
||
| 300 |
_a269पृ _c22सेमी (सजिल्द) |
||
| 650 |
_aहिन्दी निबंध _922162 |
||
| 650 |
_aHndi essay _922163 |
||
| 700 |
_aकुरैशी, एस.वाई. _922164 |
||
| 942 |
_2ddc _cHN _mहालीक |
||
| 999 |
_c36820 _d36820 |
||